Código de procedimiento civil

Guardat en:
Dades bibliogràfiques
Autor corporatiu: República del Ecuador (Autor)
Format: Llibre
Idioma:espanyol
Publicat: Quito Talleres Gráficos Nacionales 1953
Matèries:
Etiquetes: Afegir etiqueta
Sense etiquetes, Sigues el primer a etiquetar aquest registre!

MARC

LEADER 00000nam a2200000 a 4500
001 UCS0759
003 CL-VaPUC
008 970426e19530000EC |||||||||||||||||spa|d
082 0 4 |a 347.86  |b REP  |2 21 
110 2 |a República del Ecuador  |e author  |9 384613 
245 1 0 |a Código de procedimiento civil 
300 |a 304 p 
942 |c BK 
945 |d 19970426 00:00:00  |a lriquelm 
260 |a Quito  |b Talleres Gráficos Nacionales  |c 1953 
650 0 |a Códigos  |9 352314 
650 0 |a Procedimiento civil  |9 254870 
650 0 |a Jurisdicción  |9 255090 
650 0 |a Juicios   |9 327339 
651 0 |a Ecuador  |9 258378 
583 |a last modification  |c 19970426 00:00:00  |k Rodrigo Vera 
999 |c 258974  |d 258972 
952 |0 0  |1 0  |4 0  |6 347_860000000000000_REP_1953  |7 0  |8 A  |9 283424  |a BIBDER  |b BIBDER  |d 2019-11-19  |i 1835947  |o 347.86 REP 1953  |p 1835947  |r 2023-01-25  |w 2019-11-19  |y BK  |k DER